Business law (Record no. 469)

MARC details
000 -LEADER
Fixed length control field 00428nam a22001817a 4500
003 - CONTROL NUMBER IDENTIFIER
Control field SEACOMMC
005 - DATE AND TIME OF LATEST TRANSACTION
Control field 20231114063418.0
008 - FIXED-LENGTH DATA ELEMENTS--GENERAL INFORMATION
Fixed length control field 231114b |||||||| |||| 00| 0 eng d
020 ## - INTERNATIONAL STANDARD BOOK NUMBER / ISBN
Price Rs. 150.00
040 ## - CATALOGING SOURCE
Original cataloging agency SEACOMMC
082 ## - DEWEY DECIMAL CLASSIFICATION NUMBER
Classification number 346.045
Book Number KUC
100 1# - MAIN ENTRY--PERSONAL NAME
Personal name Kuchal, M.C.
245 1# - TITLE STATEMENT
Title Business law
Statement of responsibility M.C. Kuchal
250 ## - EDITION STATEMENT
Edition statement 4th rev. ed.
260 ## - IMPRINT
Place of publication New Delhi
Name of publisher Vikas
Date of publication 2006
650 ## - SUBJECT ADDED ENTRY--TOPICAL TERM
Topical term Commercial Law
942 ## - ADDED ENTRY ELEMENTS (KOHA)
Koha item type Books
Holdings
Withdrawn status Lost status Source of classification Damaged status Not for loan Home library Current library Date acquired Total Checkouts Call number Accession number Date last seen Price effective from Koha item type
    Dewey Decimal Classification     SEACOM MANAGEMENT COLLEGE SEACOM MANAGEMENT COLLEGE 05/03/2007   346.045 KUC 06151 14/11/2023 14/11/2023 Books
    Dewey Decimal Classification     SEACOM MANAGEMENT COLLEGE SEACOM MANAGEMENT COLLEGE 05/03/2007   346.045 KUC 06152 14/11/2023 14/11/2023 Books
    Dewey Decimal Classification     SEACOM MANAGEMENT COLLEGE SEACOM MANAGEMENT COLLEGE 05/03/2007   346.045 KUC 06153 14/11/2023 14/11/2023 Books
    Dewey Decimal Classification     SEACOM MANAGEMENT COLLEGE SEACOM MANAGEMENT COLLEGE 05/03/2007   346.045 KUC 06154 14/11/2023 14/11/2023 Books
    Dewey Decimal Classification     SEACOM MANAGEMENT COLLEGE SEACOM MANAGEMENT COLLEGE 05/03/2007   346.045 KUC 06155 14/11/2023 14/11/2023 Books
© Seacom Engineering College, All rights reserved.    Powered by Koha